Prótesis parcial removible: procedimientos clínicos, diseño y laboratorio (Registro nro. 2860)

Detalles MARC
000 -Cabecera
Campo de control de longitud fija 00981aam a2200337 4500
005 - Fecha y hora de la última transacción
Campo de control 20260316184507.0
008 - Elementos de longitud fija--Información general
Campo de control de longitud fija 150615b2010 xxu||||| |||| 00| 0 spa d
020 ## - International Standard Book Number
Número Internacional Estándar del Libro (ISBN) 9786071702944
041 ## - Idioma
Código de idioma Español
082 ## - Clasificación Decimal Dewey
Número de clasificación 617.692 A581p
100 ## - Entrada principal--Autor personal
Nombre personal Ángeles Medina, Fernando
9 (RLIN) 12606
100 ## - Entrada principal--Autor personal
Nombre personal Navarro Bori, Enrique
9 (RLIN) 12607
100 ## - Entrada principal--Autor personal
Nombre personal Pacheco Guerrero, Nicolás
9 (RLIN) 12608
245 ## - Título propiamente dicho
Título Prótesis parcial removible: procedimientos clínicos, diseño y laboratorio
260 ## - Pie de imprenta
Lugar de publicación, distribución, etc. México
260 ## - Pie de imprenta
Nombre del editor, distribuidor, etc. Trillas
260 ## - Pie de imprenta
Fecha de publicación, distribución, etc. 2010
300 ## - Descripción física
Extensión 192 páginas
300 ## - Descripción física
Otras características físicas Fotografías a color
490 ## - Serie
Título de la Serie Mecánica Dental
505 ## - Nota de contenido
Nota de contenido Contiene disco compacto N° 112
650 ## - Materia general
Temática (materia general) PRÓTESIS PARCIAL REMOVIBLE
650 ## - Materia general
Temática (materia general) PROSTODONCIA
650 ## - Materia general
Temática (materia general) EXPLORACIÓN BUCAL
650 ## - Materia general
Temática (materia general) EVALUACIÓN PERIODONTAL
650 ## - Materia general
Temática (materia general) RETENEDORES DIRECTOS
650 ## - Materia general
Temática (materia general) RETENEDORES INDIRECTOS
650 ## - Materia general
Temática (materia general) OCLUSIÓN
650 ## - Materia general
Temática (materia general) CIRUGÍA PREPROTÉSICA
942 ## - Punto de acceso adicional KOHA
Tipo de ítem KOHA Libro
Fuente del sistema de clasificación o colocación Dewey Decimal Classification
Existencias
Signatura completa Código de barras Programa Académico Tipo de ítem
617.692 A581p 16232 Mecánica Dental Libro
617.692 A581p 17047 Mecánica Dental Libro
617.692 A581p 17048 Mecánica Dental Libro
617.692 A581p 17049 Mecánica Dental Libro
617.692 A581p 112ADC   Disco Compacto
617.692 A581p 112BDC   Disco Compacto
617.692 A581p 112CDC   Disco Compacto